000 00450nam a2200205Ia 4500
001 12782
003 GE_BSU
008 181216s||||||||xx |||||||||||||| ||und||
020 _a0141004789
040 _cGE_BSU
080 _a821.111-312.4
100 _aJames,P.D.
245 _aDeath in Holy Orders.
260 _aLondon.
260 _bPenguin Books.
260 _c2001
300 _a547p;18cm.
653 _aDeath in Holy Orders.
942 _cBK
999 _c45953
_d45953